<?xml version="1.0" encoding="UTF-8"?>
<record
    xmlns:xsi="http://www.w3.org/2001/XMLSchema-instance"
    xsi:schemaLocation="http://www.loc.gov/MARC21/slim http://www.loc.gov/standards/marcxml/schema/MARC21slim.xsd"
    xmlns="http://www.loc.gov/MARC21/slim">

  <leader>00660nam a2200193 a 4500</leader>
  <controlfield tag="001">1050</controlfield>
  <controlfield tag="003">CDMR</controlfield>
  <controlfield tag="005">20131010171227.0</controlfield>
  <controlfield tag="008">130130s2002||||||||||||||||||||||||||||d</controlfield>
  <datafield tag="040" ind1=" " ind2=" ">
    <subfield code="a">CDMR</subfield>
    <subfield code="b">cat</subfield>
    <subfield code="c">CPC LLEIDA</subfield>
  </datafield>
  <datafield tag="100" ind1="1" ind2=" ">
    <subfield code="9">4038</subfield>
    <subfield code="a">Hern&#xE1;ndez Hern&#xE0;ndez, S&#xF2;nia</subfield>
    <subfield code="d">1976-</subfield>
  </datafield>
  <datafield tag="245" ind1=" " ind2=" ">
    <subfield code="a">Juan Ram&#xF3;n Masoliver</subfield>
    <subfield code="b">: dies llegits</subfield>
    <subfield code="c">S&#xF2;nia Hern&#xE1;ndez, &#xC1;ngel Luis Ac&#xED;n</subfield>
  </datafield>
  <datafield tag="260" ind1=" " ind2=" ">
    <subfield code="a">Montcada i Reixac</subfield>
    <subfield code="b">L'Ajuntament. Regidoria de Cultura</subfield>
    <subfield code="c">DL 2002</subfield>
  </datafield>
  <datafield tag="300" ind1=" " ind2=" ">
    <subfield code="a">225 p.</subfield>
    <subfield code="b">20 cm.</subfield>
  </datafield>
  <datafield tag="600" ind1="1" ind2=" ">
    <subfield code="9">4039</subfield>
    <subfield code="a">Masoliver, Juan Ram&#xF3;n</subfield>
    <subfield code="d">1910-1997</subfield>
  </datafield>
  <datafield tag="650" ind1="0" ind2="4">
    <subfield code="9">3139</subfield>
    <subfield code="a">Periodistes catalans</subfield>
    <subfield code="v">Biografia</subfield>
  </datafield>
  <datafield tag="700" ind1="1" ind2=" ">
    <subfield code="9">3556</subfield>
    <subfield code="a">Ac&#xED;n Calvo, &#xC0;ngel Luis</subfield>
    <subfield code="d">1972-</subfield>
  </datafield>
  <datafield tag="942" ind1=" " ind2=" ">
    <subfield code="c">MON</subfield>
    <subfield code="2">udc</subfield>
    <subfield code="n">0</subfield>
  </datafield>
  <datafield tag="999" ind1=" " ind2=" ">
    <subfield code="c">1050</subfield>
    <subfield code="d">1050</subfield>
  </datafield>
  <datafield tag="952" ind1=" " ind2=" ">
    <subfield code="0">0</subfield>
    <subfield code="1">0</subfield>
    <subfield code="4">0</subfield>
    <subfield code="7">0</subfield>
    <subfield code="a">CDMR</subfield>
    <subfield code="b">CDMR</subfield>
    <subfield code="d">2013-01-16</subfield>
    <subfield code="l">0</subfield>
    <subfield code="o">Du 1/101</subfield>
    <subfield code="p">CDMR13108288</subfield>
    <subfield code="r">2013-10-10</subfield>
    <subfield code="w">2013-10-10</subfield>
    <subfield code="y">MON</subfield>
  </datafield>
</record>
